Hali ya uchumi wa taifa katika mwaka 1985 (Record no. 18678)
[ view plain ]
| 000 -LEADER | |
|---|---|
| fixed length control field | 00370nam a22001097a 4500 |
| 082 ## - DEWEY DECIMAL CLASSIFICATION NUMBER | |
| Classification number | 338.96 76tan |
| 100 ## - MAIN ENTRY--PERSONAL NAME | |
| Personal name | jAMUHURI YA MUUNGANO WA TANZANIA |
| 245 ## - TITLE STATEMENT | |
| Title | Hali ya uchumi wa taifa katika mwaka 1985 |
| 260 ## - PUBLICATION, DISTRIBUTION, ETC. | |
| Place of publication, distribution, etc. | wizara ya mipango na uchumi Dar-es salaam |
| Name of publisher, distributor, etc. | kimepigwa cha na mpigachapawa serikali Dares salaam- Tanzania |
| Date of publication, distribution, etc. | 1984 |
| 300 ## - PHYSICAL DESCRIPTION | |
| Extent | 152pages |
| Other physical details | table |
| 942 ## - ADDED ENTRY ELEMENTS (KOHA) | |
| Koha item type | Books |
| Withdrawn status | Lost status | Damaged status | Not for loan | Home library | Current library | Shelving location | Date acquired | Total Checkouts | Full call number | Barcode | Date last seen | Price effective from | Koha item type |
|---|---|---|---|---|---|---|---|---|---|---|---|---|---|
| IFM Main Campus Library | IFM Main Campus Library | Stack Collection | 08/17/2017 | 338.96 76tan | 00000015962 | 08/17/2017 | 08/17/2017 | Books |
